BSOP header

What is the New Age? : (Record no. 26983)

MARC details
000 -LEADER
fixed length control field 00681nam a2200169 4500
008 - FIXED-LENGTH DATA ELEMENTS--GENERAL INFORMATION
fixed length control field 060703s1990 enk eng
020 ## - INTERNATIONAL STANDARD BOOK NUMBER
International Standard Book Number 0340529121 :
Terms of availability Php20.00
090 ## - LOCALLY ASSIGNED LC-TYPE CALL NUMBER (OCLC); LOCAL CALL NUMBER (OCLC)
Classification number (OCLC) (R) ; Classification number, CALL (RLIN) (NR) BR128.N28
Local cutter number (OCLC) ; Book number/undivided call number, CALL (RLIN) W55c
245 10 - TITLE STATEMENT
Title What is the New Age? :
Remainder of title a detailed candid look at this fast growing movement /
Statement of responsibility, etc Michael Cole...[et al.].
260 ## - PUBLICATION, DISTRIBUTION, ETC. (IMPRINT)
Place of publication, distribution, etc London :
Name of publisher, distributor, etc Hodder & Stoughton,
Date of publication, distribution, etc c1990.
300 ## - PHYSICAL DESCRIPTION
Extent viii, 208 p.
650 #4 - SUBJECT ADDED ENTRY--TOPICAL TERM
Topical term or geographic name as entry element Christianity and other religions
General subdivision New Age Movement.
650 #4 - SUBJECT ADDED ENTRY--TOPICAL TERM
Topical term or geographic name as entry element New Age Movement
General subdivision Controversial literature.
650 #4 - SUBJECT ADDED ENTRY--TOPICAL TERM
Topical term or geographic name as entry element New Age Movement
General subdivision Relations
-- Christianity.
951 ## - EQUIVALENCE OR CROSS-REFERENCE-GEOGRAPHIC NAME/AREA NAME [OBSOLETE] [CAN/MARC only]
General subdivision 00033129
700 1# - ADDED ENTRY--PERSONAL NAME
Personal name Cole, Michael
951 ## - EQUIVALENCE OR CROSS-REFERENCE-GEOGRAPHIC NAME/AREA NAME [OBSOLETE] [CAN/MARC only]
-- 29603
-- BR128.N28/W55c
-- 070613111559937
-- 2000-12-21
-- GC
Holdings
Withdrawn status Lost status Damaged status Not for loan Home library Current library Shelving location Date acquired Accession number Shelving control number Total Checkouts Full call number Barcode Date last seen Price effective from Koha item type
        BSOP Library BSOP Library GC 12/21/2000 29603 127   BR128.N28/W55c 00033129 02/23/2013 02/23/2013 Books
BSOP

Biblical Seminary of the Philippines
  All rights Reserved
  © 2024

CONTACT INFORMATION

Biblical Seminary of the Philippines,
  77-B Karuhatan Road, Valenzuela City,
  PHILIPPINES 1441
  Phone: +632 8292-6795 / 8292-6798
  Fax : +632 8292-6675
  Email: library@bsop.edu.ph